| 000 | 00568nam a2200229Ia 4500 | ||
|---|---|---|---|
| 999 |
_c93020 _d93020 |
||
| 003 | 0100 | ||
| 005 | 20190701120828.0 | ||
| 008 | 130307s9999 xx 000 0 und d | ||
| 020 | _a0271020954 | ||
| 040 | _cARRUPELIB | ||
| 050 | _aHB72.N45 2001 | ||
| 100 |
_aNelson, Robert H _946681 |
||
| 245 | _aEconomics as religion | ||
| 245 | _bfrom Samuelson to Chicago and beyond | ||
| 260 | _aPennsyvania | ||
| 260 | _bThe Pennsylvania state university press | ||
| 260 | _c2001 | ||
| 300 | _a378p. | ||
| 300 | _b23cm | ||
| 650 |
_bEconomics _xPhilosophy _917780 |
||
| 650 |
_bEconomics _xMoral and ethical aspects _946682 |
||
| 942 | 0 | 0 |
_01 _2lcc _cMONOGRAPH |